| 000 | 00776nam a2200193 i 4500 | ||
|---|---|---|---|
| 001 | 73028 | ||
| 003 | ES-MaACL | ||
| 005 | 20230906171637.0 | ||
| 007 | t| | ||
| 008 | 040906s1935 it ||||1| ita d | ||
| 080 | _a821.131.1-2"17" | ||
| 100 | 1 |
_aGoldoni, Carlo ( _d1707-1793) _957673 |
|
| 245 | 1 | 0 |
_aTutte le opere / _cdi Carlo Goldoni ; a cura di Giuseppe Ortolani. |
| 260 |
_a[S.l. : _bs.n., _c1935] |
||
| 300 |
_aLIV, 1182 p., 1 lám. ; _c18 cm. |
||
| 505 | 8 | _aContiene: V. I: Carlo Goldoni. Cronologia della vita e delle opere di Carlo Goldoni. Mémoires. Prefazioni di Carlo Goldoni ai diccassette tomi delle commedie edite a Venezia de G.B. Pasquali (1761-1778). Commedie di Carlo Goldoni. Note | |
| 700 | 1 |
_aOrtolani, Giuseppe. _987667 |
|
| 852 |
_aES-MaACL _jC-7425 |
||
| 999 |
_c73028 _d73028 |
||